| 000 | 00631nam a2200217Ia 4500 | ||
|---|---|---|---|
| 008 | 191130s2001##################000#0#eng## | ||
| 020 | _a9788177551419 | ||
| 040 |
_aACL _cACL |
||
| 082 | _a320.54 NAY | ||
| 245 |
_aThe sociology of Indian politics _cedited by V. G. Nayar & M. G. Nayar |
||
| 260 |
_aNew Delhi _bCosmo Publications _c2001 |
||
| 300 | _aix, 346 p. ; 22 cm. | ||
| 500 | _aThe cover page & Title Page differes | ||
| 650 | _aPolitics - India | ||
| 650 | _aSociology | ||
| 700 | _aNayar, M. G | ||
| 700 | _aNayar, V. G | ||
| 990 | _a67e6b21cac10000c5a8ea9d25c550e3b | ||
| 991 | _a182275 | ||
| 999 |
_c70583 _d70583 |
||